00686 2200241 4500001002100000005001700021008004100038020002200079035002500101040001200126082001000138084001600148100001500164245009600179250001100275260003300286300003100319500002600350650001600376700001900392850001200411990002100423INLIS00000000001971320160504075948.0  a978-602-7641-85-3 a0010-051600000000147 aYOPDYOG a492.7 a492.7 Nur R aNURUL HUDA aRumus-rumus cerdik pembentukan kata-kata bahasa Arabc/ Nurul Huda ; editor Dirusdi Toanto. aCet.1. aYogyakartabDiva Pressc2013 a206 hlm.b: ilus.c; 20 cm aBibliografi : 203-204 aBahasa Arab aDirusdi Toanto aYOPDYOG a1241-RBM/PD.A.16